Los complementos pronominalo-adverbiales derivados de ibi e inde en la península ibérica / (Record no. 180102)

MARC details
000 -LEADER
campo de control de longitud fija 00890nam a22002051 4500
001 - NÚMERO DE CONTROL
campo de control 180102
003 - IDENTIFICADOR DE NÚMERO DE CONTROL
campo de control ES-MaACL
005 - FECHA Y HORA DE LA ÚLTIMA TRANSACCIÓN
campo de control 20230906221010.0
008 - DATOS DE LONGITUD FIJA--INFORMACIÓN GENERAL
campo de control de longitud fija 120417s1947 sp |||| | spa d
100 1# - ENTRADA PRINCIPAL--NOMBRE DE PERSONA
Nombre de persona Badia i Margarit, Antoni M.
9 (RLIN) 24542
245 14 - MENCIÓN DEL TÍTULO
Título Los complementos pronominalo-adverbiales derivados de ibi e inde en la península ibérica /
Mención de responsabilidad, etc. por Antonio Mª Badia Margarit.
260 ## - PUBLICACIÓN, DISTRIBUCIÓN, ETC.
Lugar de publicación, distribución, etc. Madrid :
Nombre del editor, distribuidor, etc. Consejo Superior de Investigaciones Científicas, Patronato "Menéndez y Pelayo", Instituto "Antonio de Nebrija",
Fecha de publicación, distribución, etc. 1947 (
Fabricante S. Aguirre, imp.)
300 ## - DESCRIPCIÓN FÍSICA
Extensión 281 p. ;
Dimensiones 24 cm.
490 1# - MENCIÓN DE SERIE
Mención de serie Anejos de la "Revista de filología española" ;
Designación de volumen o secuencia 38
650 #4 - PUNTO DE ACCESO ADICIONAL DE MATERIA--TÉRMINO DE MATERIA
Término de materia o nombre geográfico como elemento de entrada Lengua española-
Subdivisión general Gramática.
9 (RLIN) 14161
710 2# - ENTRADA AGREGADA--NOMBRE DE ENTIDAD CORPORATIVA
Nombre de entidad corporativa o nombre de jurisdicción como elemento de entrada Instituto Antonio de Nebrija.
9 (RLIN) 4795
830 1# - PUNTO DE ACCESO ADICIONAL DE SERIE-TÍTULO UNIFORME
Título uniforme Anejos de la "Revista de filología española" ;
Designación de volumen o secuencia 38
9 (RLIN) 191161
852 4# - LOCALIZACIÓN
Ubicación ES-MaACL
Número de control de estantería E-15385
Holdings
Estatus retirado Estado de pérdida Estado de daño No para préstamo Biblioteca de origen Biblioteca actual Ubicación en estantería Fecha de adquisición Fuente de adquisición Total de préstamos Signatura topográfica completa Código de barras Visto por última vez Precio de reemplazo Tipo de ítem Koha
        Biblioteca del Ateneo de Madrid Biblioteca del Ateneo de Madrid Depósito 2 17/04/2012     E-15385 1189238 23/02/2023 23/02/2023 Libro impreso